000 00840nmc a2200301 a 4500
003 AR-BaBNM
005 20251128204407.0
008 011101s1992 ||||||||||||||000 | spa||
020 _a950-9831-45-X
040 _cAR-BaBNM
100 1 _aD'Alfonso, Pedro G.
245 1 0 _aCómo formar una mente creativa
260 _aBuenos Aires
_bMétodos
_c1992
300 _a119 p.
_bgráfs.
490 0 _aBiblioteca del docente creativo
504 _aContiene referencias bibliográficas y listado de bibliografía sobre el tema
650 4 _aDESARROLLO DE LA CREATIVIDAD
650 4 _aIMAGINACION
650 4 _aPERCEPCION
650 4 _aCOMPRENSION
650 4 _aINTELIGENCIA
650 4 _aMETODOS DE ENSENANZA
650 4 _aMOTIVACION
650 4 _aVALORES
650 4 _aPROCESO DEL PENSAMIENTO
942 _cBK
998 _cGrace
999 _c7288
_d7288